Statistics for Movies By 1 Actor and 1 Actress - Charlize Theron Edition

Click here to take the quiz!

General Stats

  • This quiz has been taken 6 times
  • The average score is 10 of 26

Answer Stats

CastMovie% Correct
Tom Hardy, Zoe KravitzMad Max: Fury Road
83%
Christina Ricci, Bruce DernMonster
67%
Kristen Stewart, Chris HemsworthSnow White and the Huntsman
67%
Seth MacFarlane, Amanda SeyfriedA Million Ways to Die in the West
50%
John Goodman, Sofia BoutellaAtomic Blonde
50%
Margot Robbie, John LithgowBombshell
50%
Seth Rogen, June Diane RaphaelLong Shot
50%
Cuba Gooding Jr., Aunjanue EllisMen of Honor
50%
Chloe Grace Moretz, Oscar IsaacThe Addams Family
50%
Tobey Maguire, Kathy BakerThe Cider House Rules
50%
Keanu Reeves, Judith IveyThe Devil's Advocate
50%
Freddie Highmore, Kristin BellAstro Boy
33%
Amanda Seyfried, David OyelowoGringo
33%
Will Smith, Nancy GraceHancock
33%
Frances McDormand, Sean BeanNorth Country
33%
Noomi Rapace, Michael FassbenderPrometheus
33%
Javier Bardem, Sibongile MlamboThe Last Face
33%
Matt Damon, Carrie PrestonThe Legend of Bagger Vance
33%
Veronica Ngo, Chiwetel EjioforThe Old Guard
33%
Viggo Mortensen, Molly ParkerThe Road
33%
Patton Oswalt, Elizabetz ReaserYoung Adult
33%
Leonardo DiCaprio, Famke JanssenCelebrity
17%
Tom Everett Scott, Liv TylerThat Thing You Do!
17%
Johnny Depp, Clea DuvallThe Astronaut's Wife
17%
Jennifer Lawrence, Danny PinoThe Burning Plain
17%
Joaquin Phoenix, Faye DunawayThe Yards
17%

Score Distribution

Percentile by Number Answered

Percent of People with Each Score

Your Score History

You have not taken this quiz